The World Almanac and Book of Facts 2006

Gespeichert in:
Bibliographische Detailangaben
Format: Buch
Sprache:Englisch
Veröffentlicht: New York : World Almanac Books, 2006
Tags: Tag hinzufügen
Keine Tags, Fügen Sie das erste Tag hinzu!

MARC

LEADER 00000nam a22000003a 4500
001 stu224988
005 20141123104902.3
008 110509s2006----xxu-----------------eng-d
020 |a 978-088687-964-8 
040 |a STU  |b slo 
041 0 |a eng 
044 |a xxu 
245 |a The World Almanac and Book of Facts 2006 
260 |a New York :  |b World Almanac Books,  |c 2006 
300 |a 1008 s 
996 |b 284V031344  |c V*9222/K-2310  |l VVT  |s A  |a 24  |w stu224988_0001